Statystyki dla Państwa z literą ,,i" w nazwie

Kliknij tutaj aby rozwiązać quiz!

Ogólne statystyki

  • Ten quiz został rozwiązany 164 razy
    (163 od ostatniego zresetowania)
  • Średni wynik to 79 z 112

Statystyki odpowiedzi

Państwo% Poprawnych
Hiszpania
93%
Iran
92%
Indie
90%
Irak
90%
Austria
89%
Finlandia
89%
Litwa
89%
Australia
88%
Indonezja
88%
Irlandia
88%
Wielka Brytania
87%
Afganistan
86%
Białoruś
86%
Niemcy
86%
Arabia Saudyjska
85%
Estonia
85%
Islandia
85%
Japonia
83%
Norwegia
83%
Dania
82%
Libia
82%
Brazylia
81%
Chiny
81%
Izrael
81%
Albania
80%
Bośnia i Harcegowina
79%
Egipt
79%
Ukraina
79%
Liechtenstein
77%
Rumunia
77%
Armenia
76%
Belgia
76%
Kirgistan
76%
Liban
76%
Portugalia
76%
Zjednoczone Emiraty Arabskie
76%
Boliwia
75%
Dominika
75%
Niger
75%
Nigeria
75%
Pakistan
75%
Algieria
74%
Dominikana
74%
Fidżi
74%
Gwinea
74%
Republika Południowej Afryki
74%
Słowenia
74%
Tadżykistan
74%
Uzbekistan
74%
Filipiny
71%
Haiti
71%
Holandia
71%
Nowa Zelandia
71%
San Marino
71%
Turkmenistan
71%
Bułgaria
70%
Chile
70%
Serbia
70%
Wietnam
70%
Antigua i Barbuda
69%
Jordania
69%
Macedonia Północna
69%
Zimbabwe
69%
Brunei
68%
Kenia
68%
Mongolia
68%
Syria
68%
Etiopia
67%
Gwinea Bissau
67%
Republika Zielonego Przylądka
67%
Burundi
65%
Liberia
65%
Mołdawia
65%
Wybrzeże Kości Słoniowej
65%
Belize
64%
Gwinea Równikowa
64%
Kolumbia
64%
Mali
64%
Zambia
64%
Papua-Nowa Gwinea
63%
Szwajcaria
63%
Dżibuti
62%
Mikronezja
62%
Singapur
62%
Korea Południowa
61%
Republika Środkowoafrykańska
61%
Sri Lanka
61%
Trynidad i Tobago
61%
Mauretania
60%
Mauritius
60%
Nikaragua
60%
Saint Kitts i Nevis
60%
Saint Lucia
60%
Saint Vincent i Grenadyny
60%
Wyspy Świętego Tomasza i Książęca
60%
Demokratyczna Republika Konga
58%
Namibia
58%
Timor Wschodni
58%
Malediwy
57%
Mozambik
57%
Surinam
57%
Tajlandia
57%
Eswatini
56%
Benin
55%
Kiribati
55%
Somalia
55%
Tanzania
55%
Gambia
54%
Burkina Faso
52%
Sierra Leone
49%
Malawi
46%
Sudan Południowy
45%

Rozkład punktacji

Percentyl według liczby udzielonych odpowiedzi

Procent ludzi z każdym wynikiem

Twoja historia wyników

Nie rozwiązałeś tego quizu od ostatniego zresetowania